[Event "15th ch-SLO"]
[Site "Ptuj SLO"]
[Date "2005.08.15"]
[Round "5"]
[White "Florjancic,R"]
[Black "Hevir,Z"]
[Result "1-0"]
[WhiteElo "2078"]
[BlackElo "2159"]

1.e4 c5 2.Nf3 e6 3.Nc3 Nc6 4.d4 cxd4 5.Nxd4 a6 6.Be3 Nf6 7.a3 Be7 8.Be2 O-O
9.O-O Qc7 10.f4 Bc5 11.Kh1 Nxd4 12.Bxd4 Bxd4 13.Qxd4 d5 14.e5 Nd7 15.Qf2 f5
16.Bd3 Nc5 17.Ne2 Nxd3 18.cxd3 Qc2 19.Qe3 Qxb2 20.Rfb1 Qc2 21.Nd4 Qc7 22.a4 Bd7
23.a5 Rfc8 24.Rb6 Qc3 25.Rab1 Rab8 26.Nxe6 Bxe6 27.Rxe6 d4 28.Qg1 Qxd3 29.Rd6 Qc3
30.Rxd4 Qxa5 31.Rd7 Qa4 32.Rd4 Qa2 33.Rbd1 Rc7 34.Qe3 Re8 35.Rd6 Rce7 36.Qd4 Qf7
37.h3 h6 38.Kh2 Kh7 39.Rd2 Rc8 40.Qb6 Qc4 41.R6d4 Qc6 42.Qb1 Rf8 43.Rd6 Qc4
44.g3 Qf7 45.h4 Rc8 46.Qd3 Rc1 47.Rd8 Rcc7 48.Qb1 b5 49.R8d6 Ra7 50.Qb4 Qe8
51.Qa5 Qc8 52.Qa2 Qc4 53.Qb1 Qf7 54.Ra2 a5 55.Rc2 b4 56.e6 Qf6 57.Rc5 g6
58.h5 Rab7 59.hxg6+ Qxg6 60.Qd3 Rb8 61.Rd7 Re8 62.Rxf5 Kg8 63.Rf8+ Kg7 64.Rxe7+ Rxe7  1-0

[Event "Masters"]
[Site "Abu Dhabi UAE"]
[Date "2005.08.16"]
[Round "3"]
[White "Mahjoob,M"]
[Black "Illijin,N"]
[Result "1-0"]
[WhiteElo "2442"]
[BlackElo "2242"]

1.e4 c5 2.Nf3 e6 3.d4 cxd4 4.Nxd4 Nc6 5.Nc3 Qc7 6.Be3 a6 7.Bd3 Nf6 8.O-O b5
9.Nxc6 Qxc6 10.a3 Bb7 11.Re1 Be7 12.Bd4 Rd8 13.Qf3 Qc7 14.Qe3 Ng4 15.Qh3 Ne5
16.Qg3 Bf6 17.Kh1 h5 18.h3 d6 19.f4 Nc4 20.Bxf6 gxf6 21.Qh4 Nxb2 22.Qxf6 Nxd3
23.cxd3 Rg8 24.Rac1 Qe7 25.Qd4 Kf8 26.Rf1 h4 27.Ne2 Rd7 28.Rf2 Rc7 29.Rff1 Rd7
30.Rc3 f5 31.Rf2 Qg7 32.Qe3 Qf6 33.Rc1 Kg7 34.Nd4 Kh7 35.Nf3 Rg3 36.Qe2 Kh6
37.Ng5 e5 38.exf5 exf4 39.Ne4  1-0

[Event "American Continental"]
[Site "Buenos Aires ARG"]
[Date "2005.08.16"]
[Round "11"]
[White "Farfan Ortiz,A"]
[Black "Elias,L"]
[Result "1-0"]
[WhiteElo "2285"]
[BlackElo "2061"]

1.e4 c5 2.Nf3 e6 3.d4 cxd4 4.Nxd4 Nc6 5.Nc3 Qc7 6.g3 a6 7.Bg2 b5 8.O-O Bb7
9.Re1 d6 10.Nd5 exd5 11.Nxc6 Bxc6 12.exd5+ Be7 13.dxc6 Kf8 14.Bf4 Rd8 15.Qd2 h5
16.a4 b4 17.Qxb4 g5 18.Be3 d5 19.Bc5 Rh6 20.Bxe7+ Nxe7 21.Re2 a5 22.Qa3 Rdd6
23.Rae1 Rhe6 24.Rxe6 Rxe6 25.Rxe6 fxe6 26.Qf3+ Nf5 27.Qxh5 Qxc6 28.Qxg5 Ke8
29.Qf6 Kd7 30.Bh3 Qxc2 31.Bxf5 Qd1+ 32.Kg2 exf5 33.Qxf5+ Kd6 34.Qf3 Qxa4
35.Qf4+ Qxf4 36.gxf4 a4 37.h4 Ke6 38.Kf3  1-0

[Event "15th ch-SLO"]
[Site "Ptuj SLO"]
[Date "2005.08.16"]
[Round "6"]
[White "Borisek,J"]
[Black "Lenic,L"]
[Result "1/2-1/2"]
[WhiteElo "2509"]
[BlackElo "2463"]

1.e4 c5 2.Nf3 e6 3.d4 cxd4 4.Nxd4 Nc6 5.Nc3 Nf6 6.Nxc6 bxc6 7.e5 Nd5 8.Ne4 Qc7
9.f4 Qb6 10.a3 Ne3 11.Qd3 Nxf1  1/2-1/2

[Event "8th Open"]
[Site "Banyoles ESP"]
[Date "2005.08.18"]
[Round "2"]
[White "Mircescu,O"]
[Black "Borges Mateos,J"]
[Result "0-1"]
[WhiteElo "2172"]
[BlackElo "2467"]

1.e4 c5 2.Nf3 e6 3.d4 cxd4 4.Nxd4 Nc6 5.Nc3 Qc7 6.g3 a6 7.a4 Nf6 8.Bg2 Be7
9.O-O O-O 10.Nb3 d6 11.f4 b6 12.Be3 Rb8 13.Qe2 Na5 14.Nxa5 bxa5 15.Rab1 Rb4
16.Rfd1 Bb7 17.Rd4 Rc8 18.Bf2 Nd7 19.Na2 Rxd4 20.Bxd4 Qxc2 21.Qxc2 Rxc2 22.Rc1 Rxc1+
23.Nxc1 Bc6 24.b3 e5 25.Be3 Nc5 26.fxe5 dxe5 27.Bxc5 Bxc5+ 28.Kf1 h5 29.Nd3 Bd4
30.Bf3 g6 31.Ke2 Kf8 32.Ne1 Ke7 33.Nc2 Kd6 34.Ne3 Bxe3 35.Kxe3 f5 36.Be2 Bxe4
37.h4 Bd5 38.Bxa6 Bxb3 39.Bb5 Ke7 40.Bc6 Kf6 41.Be8 Bf7 42.Bd7 Ke7 43.Bb5 Be8  0-1

[Event "15th ch-SLO"]
[Site "Ptuj SLO"]
[Date "2005.08.18"]
[Round "8"]
[White "Sakelsek,T"]
[Black "Gjuran,D"]
[Result "1-0"]
[WhiteElo "2390"]
[BlackElo "2340"]

1.e4 c5 2.Nf3 e6 3.d4 cxd4 4.Nxd4 Nc6 5.Nc3 Qc7 6.Be3 a6 7.Qd2 Nf6 8.O-O-O Bb4
9.f3 Na5 10.Bf2 Bxc3 11.Qxc3 Qxc3 12.bxc3 d5 13.exd5 Nxd5 14.c4 Ne7 15.Nb3 Nac6
16.Bb6 e5 17.Bd3 O-O 18.Rhe1 Ng6 19.g3 Re8 20.c3 Nf8 21.Nc5 f5 22.Bc2 Re7
23.Nd3 Nd7 24.Bc7 Nc5 25.Bd6 Nxd3+ 26.Rxd3 Re8 27.Rde3 Be6 28.c5 Bxa2 29.Bxf5 Bf7
30.Bxe5 g6 31.Bc2 Nxe5 32.Rxe5 Rxe5 33.Rxe5 Rc8 34.Kb2 b6 35.cxb6 Rb8 36.Bd3 Rxb6+
37.Kc2 Bb3+ 38.Kd2 Rd6 39.Re4 a5 40.Rd4 Rb6 41.c4 a4 42.Rd8+ Kf7 43.Ra8 Ke6
44.f4 Rd6 45.Kc3 Bd1 46.c5 Rd7 47.Bb5 Rc7 48.Kb4 Bb3 49.Ra6+ Kd5 50.Rd6+ Ke4
51.c6  1-0

[Event "ch-SCG jr"]
[Site "Vrnjacka Banja SCG"]
[Date "2005.08.18"]
[Round "8"]
[White "Ravic,N"]
[Black "Lapcevic,M"]
[Result "1-0"]
[WhiteElo "2101"]
[BlackElo "2269"]

1.e4 c5 2.Nf3 e6 3.d4 cxd4 4.Nxd4 Nc6 5.Nc3 Qc7 6.Be3 a6 7.f4 b5 8.Bd3 Nxd4
9.Bxd4 Qxf4 10.Rf1 Qc7 11.Qf3 d6 12.Bb6 Qe7 13.Nxb5 axb5 14.Bxb5+ Bd7 15.e5 Rb8
16.exd6 Qf6 17.Qh5 Rxb6 18.Bxd7+ Kxd7 19.Rxf6 Nxf6 20.Qxf7+ Kxd6 21.O-O-O+ Ke5
22.Qc7+ Rd6 23.c4 Ne8 24.Qb8 Be7 25.c5 Bg5+ 26.Kc2  1-0

[Event "V Open"]
[Site "Vila de Marin ESP"]
[Date "2005.08.21"]
[Round "1"]
[White "Lorenzo Fernandez,E"]
[Black "Dimitrov,Vl"]
[Result "0-1"]
[WhiteElo "1874"]
[BlackElo "2418"]

1.e4 c5 2.Nf3 e6 3.d4 cxd4 4.Nxd4 Nc6 5.Nc3 Qc7 6.f3 a6 7.Be3 Nf6 8.Bc4 Ne5
9.Bb3 Nc4 10.Bxc4 Qxc4 11.Qd3 Qc7 12.O-O-O b5 13.g4 d6 14.h4 Nd7 15.h5 Ne5
16.Qe2 b4 17.Nb1 Bd7 18.g5 Rc8 19.g6 hxg6 20.hxg6 Nxg6 21.Rxh8 Nxh8 22.f4 e5
23.Nf3 Bg4 24.Rf1 Ng6 25.Qd2 exf4 26.Bd4 a5 27.Ne1 Qc4 28.Rg1 Be6 29.b3 Qc6
30.Qd3 Ne5 31.Nd2 Nxd3+  0-1

[Event "Caissa IM August II"]
[Site "Kecskemet HUN"]
[Date "2005.08.22"]
[Round "4"]
[White "Vasvari,T"]
[Black "Kragelj,I"]
[Result "0-1"]
[WhiteElo "2203"]
[BlackElo "2230"]

1.e4 c5 2.Nf3 e6 3.d4 cxd4 4.Nxd4 Nc6 5.Nc3 Qc7 6.Be3 a6 7.Bd3 Nf6 8.O-O b5
9.Nxc6 Qxc6 10.a3 Bb7 11.Qf3 Bd6 12.Rfe1 Be5 13.Bd2 h6 14.Rab1 O-O 15.h3 Rac8
16.Na2 Qb6 17.Qe2 Rfd8 18.b3 Rb8 19.Kf1 Nh7 20.f4 Bf6 21.Qg4 Be7 22.a4 bxa4
23.bxa4 Qc6 24.a5 Qa4 25.Nc3 Qxa5 26.Nd5 Qxd2 27.Red1 Qa5 28.Ra1 Qc5 29.Nxe7+ Qxe7
30.e5 Nf8 31.f5 exf5 32.Qxf5 Qe6 33.Qf3 Bxf3  0-1

[Event "41st Rubinstein Mem Open A"]
[Site "Polanica Zdroj POL"]
[Date "2005.08.22"]
[Round "4"]
[White "Bindrich,O"]
[Black "Jaracz,B"]
[Result "0-1"]
[WhiteElo "2148"]
[BlackElo "2251"]

1.e4 c5 2.Nf3 e6 3.d4 cxd4 4.Nxd4 Nc6 5.Nc3 Qc7 6.Be3 a6 7.Qd2 Nf6 8.O-O-O Nxd4
9.Bxd4 e5 10.Be3 Bb4 11.f3 d6 12.Kb1 Bxc3 13.Qxc3 Qxc3 14.bxc3 Ke7 15.Bc4 Be6
16.Bb3 Rac8 17.Kb2 Rc6 18.Rd3 Rhc8 19.Rhd1 Nd7 20.Ba4 b5 21.Bb3 g6 22.R1d2 R8c7
23.Rd1 Nb6 24.Bxb6 Rxb6 25.Bd5 Bxd5 26.Rxd5 Rc4 27.a3 Rbc6 28.R5d3 f5 29.exf5 gxf5
30.g3 Ke6 31.Re3 d5 32.Rd2 Rc7 33.Kb3 e4 34.f4 Kd6 35.Rd1 Kc5 36.Re2 Rd7
37.Rg1 h5 38.Rgg2 a5 39.Kb2 b4 40.axb4+ axb4 41.cxb4+ Rxb4+ 42.Kc1 d4 43.Re1 Ra7
44.Rgg1 Ra2 45.h3 Rbb2 46.Rg2 d3  0-1

[Event "VI Open"]
[Site "Tarragona ESP"]
[Date "2005.08.22"]
[Round "3"]
[White "Lujan,C"]
[Black "Delchev,A"]
[Result "0-1"]
[WhiteElo "2323"]
[BlackElo "2656"]

1.e4 c5 2.Nf3 e6 3.d4 cxd4 4.Nxd4 Nc6 5.Nc3 Qc7 6.Be2 a6 7.O-O Nf6 8.Kh1 Bb4
9.Qd3 d6 10.f4 Bd7 11.Nb3 Na5 12.Nxa5 Bxa5 13.f5 O-O-O 14.Bg5 Bxc3 15.bxc3 exf5
16.exf5 Rhe8 17.Rab1 Bc6 18.Bf3 Re5 19.Bxc6 Qxc6 20.Bxf6 gxf6 21.Rb4 Rc5
22.c4 d5 23.cxd5 Rdxd5 24.Qg3 Rxc2 25.Rg4 Rc1 26.Rg8+ Kd7 27.Re1 Rdd1 28.Re8 Rxe1+
29.Rxe1 Qc3 30.Qxc3 Rxc3 31.h3 Ra3 32.Rd1+ Ke7 33.Rc1 b5 34.Rc7+ Kf8 35.Rc2 h5
36.Kg1 h4 37.Kf1 Kg7 38.Ke1 Kh6 39.Kd1 Kg5 40.Kc1 Kxf5 41.Rf2+ Kg5 42.Kb2 Rg3
43.Rc2 f5  0-1

[Event "V Open"]
[Site "Vila de Marin ESP"]
[Date "2005.08.22"]
[Round "2"]
[White "Pena Torres,J"]
[Black "Hernandez,Hold"]
[Result "0-1"]
[WhiteElo "2110"]
[BlackElo "2458"]

1.e4 c5 2.Nf3 Nc6 3.d4 cxd4 4.Nxd4 e6 5.Nc3 a6 6.Be3 Nf6 7.Bd3 Qc7 8.O-O Ne5
9.h3 Bc5 10.Qe2 d6 11.Nb3 Bxe3 12.Qxe3 O-O 13.Rfd1 b5 14.Rd2 Rb8 15.Nd4 Ng6
16.Nf3 Bb7 17.a3 e5 18.Rad1 Rbd8 19.Bf1 Nf4 20.g3 Ne6 21.Bg2 Rd7 22.Nh4 g6
23.Nf5 gxf5 24.exf5 Bxg2 25.fxe6 fxe6 26.Kxg2 d5 27.Qh6 d4 28.Ne2 Qc6+ 29.f3 Rg7
30.Ng1 Nd5 31.Re1 Rg6 32.Qh4 Ne3+ 33.Kh2 Nf5 34.Qe4 Qxe4 35.Rxe4 Nxg3 36.Re1 e4
37.Rg2 exf3 38.Rxg3 f2 39.Rxg6+ hxg6 40.Rf1 fxg1=Q+ 41.Rxg1 Rf2+  0-1

[Event "Ada Open"]
[Site "Belgrade SCG"]
[Date "2005.08.23"]
[Round "9"]
[White "Carnic,D"]
[Black "Damjanovic,L"]
[Result "1-0"]
[WhiteElo "2231"]
[BlackElo "2092"]

1.e4 c5 2.Nf3 Nc6 3.d4 cxd4 4.Nxd4 e6 5.Nc3 Nf6 6.Ndb5 d6 7.Bf4 e5 8.Bg5 a6
9.Na3 d5 10.Bxf6 gxf6 11.Nxd5 Be6 12.Nc4 Bxd5 13.exd5 Nb4 14.Ne3 Qa5 15.c3 O-O-O
16.Nc4 Qc7 17.d6 Bxd6 18.Nxd6+ Kb8 19.cxb4 Rxd6 20.Qc1 Rc6 21.Qe3 f5 22.Rd1 f4
23.Qd2 e4 24.Qd4 Rg8 25.g3 e3 26.Qxf4 exf2+ 27.Kxf2 Qxf4+ 28.gxf4 Rc2+ 29.Kf3 Rxb2
30.a3 Ra2 31.Rd3 Re8 32.h4 h5 33.Bh3 Ree2 34.Bd7 Rf2+ 35.Ke4 Rae2+ 36.Kf5 Rc2
37.Re1 f6 38.Re4 Rh2 39.Kxf6 Rxh4 40.Kg5 Rh1 41.Rh3 Rg1+ 42.Kf6 Rd2 43.Be6 Rdg2
44.f5 Rg5 45.Reh4  1-0

[Event "Ada Open"]
[Site "Belgrade SCG"]
[Date "2005.08.23"]
[Round "9"]
[White "Strbac,M"]
[Black "Rajkovic,Du"]
[Result "1/2-1/2"]
[WhiteElo "2248"]
[BlackElo "2461"]

1.e4 c5 2.Nf3 e6 3.d4 cxd4 4.Nxd4 Nc6 5.Nc3 Qc7 6.Be3 a6 7.Qd2 Nxd4 8.Bxd4 b5
9.Rd1 b4 10.Na4 Rb8 11.b3 Nf6 12.f3 Be7 13.Bc4 O-O 14.e5 Nd5 15.O-O Bb7 16.Qf2 d6
17.Rfe1 Rbe8 18.Bxd5 Bxd5 19.c4 bxc3 20.Nxc3 Bb7 21.Qg3 d5 22.Ne2 Rc8 23.Nf4 Qc2
24.Qg4 Bb4 25.Rc1 Qxc1 26.Rxc1 Rxc1+ 27.Kf2 Be1+ 28.Ke3 Rfc8 29.Nh5 g6 30.Qg5 R1c2
31.Nf6+ Kg7 32.Kf4 h6 33.Nh5+ Kh7 34.Nf6+ Kg7 35.Nh5+ Kh7  1/2-1/2

[Event "ch-FRA w"]
[Site "Chartres FRA"]
[Date "2005.08.23"]
[Round "8"]
[White "Leconte,M"]
[Black "Lallemand,R"]
[Result "1-0"]
[WhiteElo "2296"]
[BlackElo "2287"]

1.e4 c5 2.Nf3 e6 3.d4 cxd4 4.Nxd4 Nc6 5.Nc3 Qc7 6.g3 Nf6 7.Bf4 Qa5 8.Nb3 Qb6
9.Bg2 h5 10.Qe2 Bb4 11.O-O Bxc3 12.bxc3 e5 13.Bg5 d6 14.Qd3 Ne7 15.Rab1 Qc7
16.Rfd1 Be6 17.Qxd6 Qxd6 18.Rxd6 Rc8 19.f4 Rxc3 20.fxe5 Nh7 21.Bxe7 Kxe7
22.Nd4 Rhc8 23.Rxb7+ R8c7 24.Rxc7+ Rxc7 25.Nc6+  1-0

[Event "25th Open"]
[Site "Bratto ITA"]
[Date "2005.08.24"]
[Round "5"]
[White "Shytaj,L"]
[Black "Khenkin,I"]
[Result "0-1"]
[WhiteElo "2395"]
[BlackElo "2610"]

1.e4 c5 2.Nf3 Nc6 3.Nc3 e6 4.d4 cxd4 5.Nxd4 Nf6 6.Nxc6 bxc6 7.e5 Nd5 8.Ne4 Qc7
9.f4 Qb6 10.Bd3 Ba6 11.Bxa6 Qxa6 12.Qe2 Qa5+ 13.c3 f5 14.exf6 Nxf6 15.b4 Qf5
16.Nxf6+ Qxf6 17.O-O Bxb4 18.cxb4 Qxa1 19.Bb2 Qxa2 20.Ra1 Qd5 21.Ra5 Qb3
22.Bxg7 Qxb4 23.Qh5+ Kd8 24.Ra1 Rf8 25.Bxf8 Qd4+  0-1

[Event "2nd Open Fincas Mediterranea"]
[Site "Castelldefels ESP"]
[Date "2005.08.24"]
[Round "8"]
[White "Iglesias,Jor"]
[Black "Milov,L"]
[Result "1/2-1/2"]
[WhiteElo "2355"]
[BlackElo "2482"]

1.e4 c5 2.Nf3 e6 3.d4 cxd4 4.Nxd4 Nc6 5.Nc3 Qc7 6.Be2 a6 7.O-O Nf6 8.Kh1 Be7
9.f4 d6 10.Be3 O-O 11.a4 Re8 12.a5 Nxa5 13.e5 dxe5 14.fxe5 Qxe5 15.Bf4 Qc5
16.Na4 Qa7 17.Bc7 Nc4 18.Bxc4 b5 19.Be5 Bd7 20.Bd3 bxa4 21.Qf3 Qc5 22.Rae1 h5
23.Qh3 Bd6 24.Nf3 Bb5 25.c4 Bc6 26.Bd4 Qa5 27.Ne5 Bxe5 28.Rxe5 Qd2 29.Re2 Qg5
30.Re5 Qg4 31.Qxg4 Nxg4 32.Rxh5 f6 33.Bh7+ Kf7 34.Rg5 Nh6 35.Bg6+ Kf8 36.Bxe8 Rxe8
37.Ra5 Ra8 38.Bxf6 gxf6 39.Rxf6+ Nf7 40.Rxe6 Be8 41.Raxa6 Rd8 42.h3 Rc8 43.Kh2 Bd7
44.Re4 Rb8 45.Ra7 Bc6 46.Re6 Be8 47.h4 Nd8 48.Rf6+ Nf7 49.Re6 Nd8 50.Re2 Rc8
51.Rxe8+ Kxe8 52.Rxa4 Ne6 53.Rb4 Kf7 54.b3 Kf6 55.Rb7 Kf5 56.Re7 Nd4 57.Re3 Rb8
58.c5 Nxb3 59.c6 Nd4 60.c7 Rc8 61.Rc3 Ne6  1/2-1/2

[Event "Caissa IM August II"]
[Site "Kecskemet HUN"]
[Date "2005.08.25"]
[Round "8"]
[White "Bjerring,K"]
[Black "Kragelj,I"]
[Result "0-1"]
[WhiteElo "2309"]
[BlackElo "2230"]

1.e4 c5 2.Nf3 e6 3.d4 cxd4 4.Nxd4 Nc6 5.Nc3 Qc7 6.Be2 a6 7.Be3 Nf6 8.O-O Be7
9.f4 d6 10.Qe1 O-O 11.Qg3 Nxd4 12.Bxd4 b5 13.a3 Bb7 14.Kh1 Bc6 15.e5 dxe5
16.Bxe5 Qb7 17.f5 exf5 18.Rxf5 Ne8 19.Bf3 g6 20.Re1 Rd8 21.Bxc6 Qxc6 22.Rf3 f6
23.Bf4 Ng7 24.Bh6 Rf7 25.Bxg7 Kxg7 26.Rd3 Rxd3 27.Qxd3 Bf8 28.Qf3 Qxf3 29.gxf3 Rc7
30.Re3 Kf7 31.Rd3 f5 32.Kg2 Bg7 33.Kg3 Bxc3 34.bxc3 Rc4 35.Rd7+ Kg8 36.Rd4 Rxc3
37.a4 Rxc2 38.axb5 axb5 39.Rd8+ Kg7 40.Rd7+ Kh6 41.Rb7 Rb2  0-1

[Event "2nd Dato' Arthur Tan Malaysian Open"]
[Site "Kuala Lumpur MAS"]
[Date "2005.08.25"]
[Round "10"]
[White "Tirto"]
[Black "Tan Lian Ann"]
[Result "1-0"]
[WhiteElo "2370"]
[BlackElo "2302"]

1.e4 c5 2.Nf3 e6 3.d4 cxd4 4.Nxd4 Nc6 5.Nc3 Qc7 6.Be3 a6 7.Qd2 b5 8.O-O-O Bb7
9.f3 Nf6 10.Kb1 Na5 11.g4 d6 12.g5 Nd7 13.h4 Ne5 14.h5 b4 15.Na4 Nac4 16.Bxc4 Nxc4
17.Qe2 Rc8 18.g6 hxg6 19.hxg6 Rxh1 20.Rxh1 d5 21.gxf7+ Kxf7 22.Bc1 Qe5 23.Qf2 Kg8
24.f4 Qf6 25.e5 Nxe5 26.Re1 Ng4 27.Qg1 e5 28.fxe5 Qf2 29.e6 Qxg1 30.Rxg1 Nf6
31.Nf5 Re8 32.e7 Bxe7  1-0

[Event "49th TCh-ESP Honor 1"]
[Site "Merida ESP"]
[Date "2005.08.25"]
[Round "2"]
[White "Karjakin,Sergey"]
[Black "Volokitin,And"]
[Result "1/2-1/2"]
[WhiteElo "2645"]
[BlackElo "2671"]

1.e4 c5 2.Nf3 e6 3.d4 cxd4 4.Nxd4 Nc6 5.Nc3 Qc7 6.Be3 Nf6 7.f4 Bb4 8.Nb5 Qa5
9.e5 a6 10.Nd6+ Bxd6 11.Qxd6 Ne4 12.Qd3 Nxc3 13.Qxc3 Qxc3+ 14.bxc3 f6 15.exf6 gxf6
16.c4 d5 17.O-O-O d4 18.Bxd4 Nxd4 19.Rxd4 Bd7 20.Be2 Rc8 21.Bf3 Rc7 22.Kd2 Ke7
23.Rb1 b5 24.cxb5 axb5 25.Be2 Ra8 26.Rb2 Rc5 27.Rdb4 Ra5 28.R4b3 Be8 29.a3 Kd6
30.Rb1 Bg6 31.Bd3 Bxd3 32.Rxd3+ Ke7 33.Rbb3 Ra4 34.g3 Rh5 35.h4 Rc5 36.Rb4 Ra7
37.Rdb3 Rd7+ 38.Kc1 Rdc7 39.Rb2 Rc3 40.R4b3 h5 41.Kd2 Rxb3 42.Rxb3 Rc5 43.Rc3 Rd5+
44.Ke3 Rd1 45.Rc5 Rg1 46.Kf3 Rf1+ 47.Ke2 Rg1 48.Kf2 Rc1 49.Kg2 f5 50.Kf2 Kd6
51.Rc3 e5 52.fxe5+ Kxe5 53.Re3+  1/2-1/2

[Event "V Open"]
[Site "Vila de Marin ESP"]
[Date "2005.08.25"]
[Round "5"]
[White "Hernandez,Hold"]
[Black "Dimitrov,Vl"]
[Result "1-0"]
[WhiteElo "2458"]
[BlackElo "2418"]

1.e4 c5 2.Nf3 e6 3.d4 cxd4 4.Nxd4 Nc6 5.Nc3 Qc7 6.Be3 a6 7.Qd2 Nf6 8.O-O-O Bb4
9.f3 Ne5 10.Nb3 b5 11.Qe1 Be7 12.f4 Ng6 13.e5 Ng4 14.Bd2 Bb7 15.Bd3 d6 16.Qg3 Nh6
17.exd6 Bxd6 18.Ne4 Be7 19.Rhf1 b4 20.f5 Qxg3 21.Nxg3 Ne5 22.Be4 Bxe4 23.Bxh6 Bxc2
24.Kxc2 gxh6 25.Rfe1 Ng4 26.fxe6 fxe6 27.Rxe6 Kf7 28.Nd4 Bf6 29.Ngf5 Rhd8
30.Rf1 Kg8 31.Rxf6 Nxf6 32.Nxh6+ Kg7 33.Ne6+ Kg6 34.Nxd8 Rxd8 35.Nf5 a5 36.Nh4+ Kg7
37.Rf5 a4 38.Ra5 Rc8+ 39.Kd3 Rd8+ 40.Ke2 Re8+ 41.Kf3 b3 42.axb3 axb3 43.Rb5 Ne4
44.Nf5+ Kf6 45.Kf4 Ng5 46.Nd6 Ne6+ 47.Ke3 Rd8 48.Ne4+  1-0

[Event "25th Open"]
[Site "Bratto ITA"]
[Date "2005.08.26"]
[Round "7"]
[White "Shytaj,L"]
[Black "Guido,F"]
[Result "1-0"]
[WhiteElo "2395"]
[BlackElo "2305"]

1.e4 c5 2.Nf3 e6 3.d4 cxd4 4.Nxd4 Nc6 5.Nc3 d6 6.Be3 Nf6 7.Qd2 Be7 8.f3 O-O
9.O-O-O d5 10.exd5 Nxd5 11.Nxd5 Qxd5 12.Kb1 Nxd4 13.Qxd4 Qxd4 14.Bxd4 Rd8
15.Bb5 Bd7 16.Bxd7 Rxd7 17.Be3 Rad8 18.Rxd7 Rxd7 19.Bxa7 Rd2 20.a4 h5 21.Rg1 Bd6
22.h3 h4 23.Be3 Re2 24.Rd1 Bg3 25.Rd3 Rxg2 26.Rb3 Rh2 27.Rxb7 Rxh3 28.a5 Rh1+
29.Ka2 Rd1 30.a6 Rd6 31.Bb6 Rc6 32.a7 Rc8 33.Rd7 h3 34.Rd8+ Rxd8 35.Bxd8 h2
36.a8=Q h1=Q 37.Be7+  1-0

[Event "49th TCh-ESP Honor 1"]
[Site "Merida ESP"]
[Date "2005.08.27"]
[Round "4"]
[White "Socko,B"]
[Black "Volokitin,And"]
[Result "1/2-1/2"]
[WhiteElo "2615"]
[BlackElo "2671"]

1.e4 c5 2.Nf3 e6 3.d4 cxd4 4.Nxd4 Nc6 5.Nc3 a6 6.Be2 Qc7 7.Be3 Nf6 8.a3 Be7
9.f4 d6 10.g4 Nxd4 11.Bxd4 e5 12.Be3 exf4 13.Bxf4 Be6 14.g5 Nd7 15.Qd2 Ne5
16.O-O-O b5 17.Nd5 Bxd5 18.Qxd5 O-O 19.h4 Rac8 20.c3 Qc5 21.Qxc5 Rxc5 22.Kc2 Rc6
23.Rd5 f6 24.gxf6 Bxf6 25.Bg3 Re8 26.Rhd1 Nc4 27.Bxc4 Rxc4 28.Rxd6 Rcxe4
29.Rxa6 Bxh4 30.Bxh4 Rxh4 31.Ra7 g5 32.Rd5 g4 33.Rg5+ Kh8 34.Rag7 h5 35.R7g6 Kh7
36.Rg7+ Kh8 37.Rb7 Rg8 38.Rbxb5 Rxg5 39.Rxg5 Kh7 40.Kd3 Kh6 41.Rg8 Rh2 42.b4 Rg2
43.b5 h4 44.b6 g3 45.Rg4 Rb2 46.Rxh4+ Kg5 47.Rb4 g2 48.b7 g1=Q 49.b8=Q Qf1+
50.Kd4 Rd2+ 51.Kc5 Qf5+ 52.Kb6 Qf6+ 53.Ka5 Qxc3 54.Qg8+ Kf5 55.Qf7+ Kg5 56.Qf4+ Kg6
57.Kb6 Qf6+ 58.Qxf6+ Kxf6 59.a4 Ke6 60.a5 Rd6+ 61.Kc7 Rd7+ 62.Kc6 Rd6+ 63.Kb7 Rd7+
64.Kb8 Rd8+ 65.Ka7 Rd7+ 66.Rb7 Rd1 67.a6 Kd6 68.Rb2 Kc7 69.Rc2+ Kd7 70.Ka8 Rb1
71.Rh2 Kc7 72.Rh7+ Kc8 73.Rb7 Ra1 74.Ka7 Ra2 75.Rb5 Rc2 76.Ka8 Rc6 77.a7 Rc1
78.Rc5+ Rxc5  1/2-1/2

[Event "V Open"]
[Site "Vila de Marin ESP"]
[Date "2005.08.27"]
[Round "7"]
[White "Astaneh Lopez,A"]
[Black "Dimitrov,Vl"]
[Result "1-0"]
[WhiteElo "2304"]
[BlackElo "2418"]

1.e4 c5 2.Nf3 e6 3.d4 cxd4 4.Nxd4 Nc6 5.Nc3 Qc7 6.Be3 a6 7.Bd3 Nf6 8.O-O Ne5
9.h3 Bc5 10.Na4 Ba7 11.c4 d6 12.Rc1 O-O 13.b3 Bd7 14.Nc3 Qa5 15.Be2 Bc5 16.a4 Rfc8
17.f4 Ng6 18.Qd2 Bb4 19.Bf3 Nh4 20.Qd3 Nxf3+ 21.gxf3 Qh5 22.Rf2 b5 23.axb5 Bxc3
24.Rxc3 axb5 25.cxb5 Rxc3 26.Qxc3 Bxb5 27.Rg2 Qxh3 28.Nxb5 Qxf3 29.Bd4 Qd1+
30.Kh2 e5 31.fxe5 dxe5 32.Bg1 Qh5+ 33.Qh3 Qxh3+ 34.Kxh3 Rb8 35.Rc2 Nxe4 36.Ba7 Ra8
37.Rc7 f6 38.Kg4 Rd8 39.Kf5 Ng3+ 40.Ke6 h5 41.Nd6 h4 42.Bf2 Rxd6+ 43.Kxd6 Ne4+
44.Ke6 Nxf2 45.b4 h3 46.b5 Nd3 47.Rc2 g5 48.b6 Nb4 49.b7 Na6 50.Rc6  1-0

[Event "4th Open"]
[Site "Lahijan IRI"]
[Date "2005.08.30"]
[Round "6"]
[White "Mamedov,Rau"]
[Black "Melkumyan,H"]
[Result "1-0"]
[WhiteElo "2521"]
[BlackElo "2335"]

1.e4 c5 2.Nf3 e6 3.d4 cxd4 4.Nxd4 Nc6 5.Nc3 Qc7 6.Be2 Nf6 7.O-O a6 8.Be3 Bb4
9.Na4 Be7 10.Nxc6 bxc6 11.Nb6 Rb8 12.Nxc8 Qxc8 13.e5 Nd5 14.Bc1 c5 15.Bf3 Nb4
16.c3 Nc6 17.Qe2 O-O 18.Bf4 Rb6 19.Rad1 f6 20.exf6 Bxf6 21.Bg3 Ne7 22.Rd6 Rxd6
23.Bxd6 Rd8 24.Be4 c4 25.g4 a5 26.Rd1 Re8 27.Qc2 g6 28.Qa4 Nd5 29.Bxd5 exd5
30.Qxa5 Qc6 31.Qxd5+ Qxd5 32.Rxd5 Re2 33.Ba3 Re1+ 34.Kg2 Ra1 35.Rxd7 Rxa2
36.Ra7 Be5 37.Ra6 Kf7 38.h3 Ra1 39.h4 Re1 40.Ra7+ Kf6 41.Re7 Ra1 42.Rxh7 Ke6
43.Ra7 Re1 44.Re7+  1-0

[Event "4th Open"]
[Site "Lahijan IRI"]
[Date "2005.08.31"]
[Round "8"]
[White "Babaev,Ra"]
[Black "Melkumyan,H"]
[Result "1/2-1/2"]
[WhiteElo "2449"]
[BlackElo "2335"]

1.e4 c5 2.Nf3 e6 3.d4 cxd4 4.Nxd4 Nc6 5.Nc3 Qc7 6.Be2 Nf6 7.O-O a6 8.Be3 Bb4
9.Na4 Be7 10.Nxc6 bxc6 11.Nb6 Rb8 12.Nxc8 Qxc8 13.Bd4 c5 14.Be5 Rb6 15.Qd3 O-O
16.b3 d5 17.exd5 Nxd5 18.Qg3 Bf6 19.Bxf6 Nxf6 20.Rad1 Qb8 21.Qf3 Qe5 22.a4 a5
23.Bc4 h5 24.Rfe1 Qc7 25.h3 Rc8 26.Qc3 Rbb8 27.Rd3 Rd8 28.Red1 Kf8 29.Qd2 Rxd3
30.Qxd3 Ke7 31.Qe3 Rb6 32.Rd3 Rd6 33.Qg3 g6 34.Qe5  1/2-1/2

[Event "4th Open"]
[Site "Lahijan IRI"]
[Date "2005.08.31"]
[Round "8"]
[White "Mamedov,Nid"]
[Black "Guseinov,El"]
[Result "1-0"]
[WhiteElo "2463"]
[BlackElo "2373"]

1.e4 c5 2.Nf3 e6 3.d4 cxd4 4.Nxd4 Nc6 5.Nc3 d6 6.Be3 Nf6 7.Qd2 Be7 8.f3 O-O
9.O-O-O d5 10.exd5 Nxd5 11.Nxd5 Qxd5 12.Nb3 Qxd2+ 13.Rxd2 e5 14.Bb5 Bf5 15.Bxc6 bxc6
16.Bc5 Bg5 17.Bxf8 Kxf8 18.Re1 f6 19.Kd1 Bxd2 20.Nxd2 Rd8 21.Re3 Rd7 22.Kc1 g5
23.Rc3 Rc7 24.g4 Be6 25.Ne4 Ke7 26.Kd2 Bd5 27.Ke3 Rb7 28.b3 Rc7 29.Ng3 Kf7
30.Rd3 Rd7 31.c4 Be6 32.Rxd7+ Bxd7 33.b4 Be6 34.Kd3 Ke7 35.a4 Kd7 36.Ne4 Ke7
37.Ng3 Kd7 38.Kc3 h6 39.b5 cxb5 40.axb5 Kc7 41.Nh5  1-0

[Event "Paul Keres Mem A"]
[Site "Tallinn EST"]
[Date "2005.09.04"]
[Round "9"]
[White "Raud,R"]
[Black "Seeman,T"]
[Result "1/2-1/2"]
[WhiteElo "2356"]
[BlackElo "2405"]

1.e4 c5 2.Nf3 e6 3.d4 cxd4 4.Nxd4 Nc6 5.Nc3 d6 6.Be3 Nf6 7.f4 e5 8.Nf3 Ng4
9.Qd2 Nxe3 10.Qxe3 exf4 11.Qxf4 Be7 12.O-O-O O-O 13.Kb1 Be6 14.Nd5 Rc8 15.g4 Ne5
16.Nxe5 dxe5 17.Qxe5 Bd6 18.Qxd6 Qxd6 19.Nf6+ gxf6 20.Rxd6 Rc5 21.h3 Rfc8
22.Bd3 Kf8 23.Rd4 Ke7 24.Rb4 b6 25.a4 h5 26.gxh5 Rxh5 27.h4 Rch8 28.b3 Kd7
29.Rf1 R8h6 30.Rd4+ Kc7 31.Bc4 Rxh4 32.Bxe6 fxe6 33.Kb2 Rh1 34.Rf2 R1h2 35.Rf3 R2h3
36.Rf2 Rh2  1/2-1/2

[Event "TCh-POL Ekstraliga"]
[Site "Lubniewice POL"]
[Date "2005.09.07"]
[Round "5"]
[White "Spisak,C"]
[Black "Macieja,B"]
[Result "1/2-1/2"]
[WhiteElo "2323"]
[BlackElo "2593"]

1.e4 c5 2.Nf3 e6 3.d4 cxd4 4.Nxd4 Nc6 5.Nc3 Qc7 6.Be3 a6 7.Bd3 b5 8.Nxc6 Qxc6
9.O-O Bb7 10.a3 Nf6 11.Qe2 Rc8 12.f4 h5 13.e5 Nd5 14.Nxd5 Qxd5 15.Rad1 Bc5
16.Bxc5 Qxc5+ 17.Kh1 g6 18.c3 Rc7 19.Bb1 Bd5 20.Rd4 Bc4 21.Bd3 O-O 22.Qd2 Bxd3
23.Qxd3 Rd8 24.Rd1 a5 25.h3 Rb7 26.Kh2 b4 27.cxb4 axb4 28.Qf3 Rdb8 29.a4 b3
30.Rxd7 Rxd7 31.Rxd7 Qc4 32.a5 Qa4 33.Rd3 Qxa5 34.Rxb3 Rxb3 35.Qxb3 Qd2 36.Qc3 Qxf4+
37.Kg1 h4 38.b4 Qe4 39.Kf1 Qf4+ 40.Kg1 Qe4 41.Kf1 Qf4+ 42.Kg1  1/2-1/2

[Event "ch-Arab"]
[Site "Dubai UAE"]
[Date "2005.09.13"]
[Round "2"]
[White "Hakki,I"]
[Black "Khader,S"]
[Result "1-0"]
[WhiteElo "2471"]
[BlackElo "2396"]

1.e4 c5 2.Nf3 e6 3.Nc3 Nc6 4.d4 cxd4 5.Nxd4 Nf6 6.Nxc6 bxc6 7.e5 Nd5 8.Ne4 Qc7
9.f4 Qa5+ 10.Bd2 Qb6 11.Bd3 Be7 12.Qe2 f5 13.exf6 Nxf6 14.Bc3 O-O 15.Nxf6+ Bxf6
16.Bxf6 Rxf6 17.Qe4 Qa5+ 18.c3 Qf5 19.Qxf5 exf5 20.c4 d6 21.O-O-O Be6 22.b3 Bf7
23.Rhe1 Kf8 24.g3 Re8 25.Kb2 Bh5 26.Rxe8+ Kxe8 27.Re1+ Kd7 28.c5 g6 29.Kc3 Bf3
30.cxd6 Rxd6 31.Re3 Bd5 32.Kb4 Bg2 33.Bc4 Be4 34.Re2 Kc7 35.Kc5 Rd1 36.a4 h6
37.h4 h5 38.Re3 Rd2 39.Kb4 Kb6 40.a5+ Kc7 41.Kc5 Rd1 42.Kb4 Rd2 43.Kc5 Rd1
44.Bf7 Rd6 45.b4 Rf6 46.Bc4 Rd6 47.Bf7 Rf6 48.Bc4 Rd6 49.Rc3 Rd1 50.Bf7 Rd6
51.Bb3 Rf6 52.Kd4 Rd6+ 53.Ke5 Bd5 54.Bxd5 Rxd5+ 55.Kf6 Rd6+ 56.Kf7 Kb7 57.Rc5 Kb8
58.Re5 Kb7 59.Rc5 Kb8 60.a6 Rd3 61.Kxg6 Rxg3+ 62.Kxf5 Rg4 63.Rc4 Rxh4 64.Kg5 Rh1
65.f5 Rg1+ 66.Kxh5 Kc7 67.b5 c5 68.Rxc5+ Kd6 69.Rc6+ Ke7 70.Rc7+ Kf6 71.Rxa7 Rb1
72.Rb7 Kxf5 73.Kh6 Ke5 74.a7 Ra1 75.b6 Kf6 76.Kh5 Kf5 77.Kh4 Kf4 78.Rf7+ Ke5
79.b7  1-0